Vista normal Vista MARC
  • Quesada Saldaña, Flavio.

Entrada Nombre personal

Número de registros utilizados en: 2

001 - NÚMERO DE CONTROL

  • campo de control: 96

003 - IDENTIFICADOR DE NÚMERO DE CONTROL

  • campo de control: gtuscu

005 - FECHA Y HORA DE LA ÚLTIMA TRANSACCIÓN

  • campo de control: 20260324151022.0

008 - ELEMENTOS DE DATO DE LONGITUD-FIJA

  • campo de control de longitud fija: 260324|| azz||aabn | a|a d

040 ## - FUENTE DE CATALOGACIÓN

  • Centro catalogador/agencia de origen: gtuscu

100 1# - ENCABEZAMIENTO-NOMBRE DE PERSONA

  • Nombre de persona: Quesada Saldaña, Flavio.
  • Término indicativo de función/relación: creador

400 1# - TRAZADO DE VÉASE--NOMBRE DE PERSONA

  • Nombre de persona: Quesada Saldaña, Flavio J.

400 1# - TRAZADO DE VÉASE--NOMBRE DE PERSONA

  • Nombre de persona: Quesada S. Flavio J.